| 000 | 00364nam a2200157Ia 4500 | ||
|---|---|---|---|
| 008 | 230917s9999||||xx |||||||||||||| ||und|| | ||
| 020 | _cRS4 | ||
| 040 |
_e137947 _aMAIN |
||
| 041 | _aEnglish | ||
| 082 | _a822.33 S15K | ||
| 100 | _aShakespear | ||
| 245 | 0 | _aKing Lear | |
| 260 |
_aCambridge _bCambridge University Press _c1966 |
||
| 300 | _a261 p. | ||
| 942 | _cBK | ||
| 999 |
_c50031 _d50031 |
||